Claudia Sachße: Untersuchungen zu den Bestattungssitten der Badener Kultur

Bibliographic Details
Main Author: Bistáková, Alena (archeologička) (Author)
Format: Article
Language:Slovak

MARC

LEADER 00000nab a2200000 a 4500
001 vtls011130314
003 SK-MaSNL
005 20260303151148.0
008 230222|2013 xo |||||||||||||||||slo|
015 |a SNBRB 
035 |a (uuid)1049a825-2c57-4307-a55a-3aef49cd7f4d 
035 |a (urnnbn)urn:nbn:sk:snk:ar-a09k38 
035 |a urn:nbn:sk:snk-aba83y 
040 |a SNKBUCL  |b slo  |c SNKBUCL  |e AACR2 
041 0 |a slo 
044 |a xo  |c SK 
100 1 |a Bistáková, Alena  |c (archeologička)  |4 aut  |9 159970 
245 1 0 |a Claudia Sachße: Untersuchungen zu den Bestattungssitten der Badener Kultur  |c Alena Bistáková 
773 0 |t Slovenská archeológia  |g Roč. 61, č. 2 (2013), s. [389]-391 
954 |a odborná, vedecká literatúra pôvodná (slovenská)  |2 lita 
958 |a OND 
958 |a EUIPO 
958 |a article13 
999 |c 2016452  |d 2018382